000 00491nam a22001937a 4500
003 OSt
005 20170224180253.0
008 170224b xxu||||| |||| 00| 0 eng d
020 _a0521435951
040 _cDDC.
082 _a535SCU 2002.
100 _aScully,O.Morgan;
_911667
245 _aQuantum Optics:
260 _aCambridge.
_bCambridge University Press.
_c2002.
300 _axv,630p;
_bill;
_c25cm.
504 _aincludes index.
650 _aOptics.
_9780
942 _2ddc
_cO_SHELF
999 _c5585
_d5585